000 00290nam a22001337a 4500
008 170623b xxu||||| |||| 00| 0 eng d
020 _a9781566430265
041 _aeng
080 _22ND
_a32
100 _a21
101 _aSHP
245 _aCITIZEN POLITICS
_cDALTON,R.J
942 _2udc
_cBK
999 _c18884
_d18884